000 00747nam a2200181Ia 4500
008 100921s9999 xx 000 0 und d
082 _b32068
_a615.537 थ 98
100 _aसाठवणे पा.आ.
245 _aतुळशीचा औषधी उपयोग.
260 _bसाठवणे प्रकाशन, नागपूर.
_c1998
300 _a28
_bजयेश एजन्सी,पुणे.
365 _b10
520 _aतंत्रविज्ञान-आयुर्वेद.
630 _aतुळशीचा औषधी उपयोग.
650 _aतंत्रविज्ञान-आयुर्वेद.
730 _aतुळशीचा औषधी उपयोग.
942 _cBOOK
999 _c781181
_d781178